Statistics for Football Players with the Most Assists since 2000

Click here to take the quiz!

General Stats

  • This quiz has been taken 414 times
  • The average score is 10 of 21

Answer Stats

#Player% Correct
319Lionel Messi
95%
258Cristiano Ronaldo
93%
200Kevin de Bruyne
93%
190Neymar
76%
182Andrés Iniesta
74%
230Xavi
74%
256Luis Suárez
65%
253Mesut Özil
60%
224Thomas Müller
60%
200David Silva
46%
190Thierry Henry
42%
235Ángel Di María
40%
196Zlatan Ibrahimović
40%
193Arjen Robben
35%
227Franck Ribéry
33%
234Cesc Fàbregas
32%
181Eden Hazard
29%
188Dries Mertens
5%
185Dušan Tadić
5%
201Andrey Arshavin
1%
208Steffen Hofmann
1%

Score Distribution

Percentile by Number Answered

Percent of People with Each Score

Your Score History

You have not taken this quiz